|
|
|
|
| LEADER |
00000nam0a2200000 4500 |
| 001 |
7991 |
| 005 |
20231030181614.0 |
| 010 |
|
|
|a 5020037044
|
| 035 |
|
|
|a (RuTPU)RU\TPU\book\8037
|
| 035 |
|
|
|a BOOK00008096
|
| 090 |
|
|
|a 7991
|
| 100 |
|
|
|a 20011209d1998 k y0rusy50 ca
|
| 101 |
0 |
|
|a rus
|
| 102 |
|
|
|a RU
|
| 105 |
|
|
|a y z 000zy
|
| 200 |
1 |
|
|a Наука и современное общество
|e Научные труды
|f П. Л. Капица
|
| 210 |
|
|
|a Москва
|c Наука
|d 1998
|
| 215 |
|
|
|a 539 с.
|
| 610 |
1 |
|
|a наука
|
| 610 |
1 |
|
|a Россия
|
| 610 |
1 |
|
|a ученые в СССР
|
| 610 |
1 |
|
|a физика
|
| 610 |
1 |
|
|a история
|
| 675 |
|
|
|a 53(09)
|v 3
|
| 686 |
|
|
|a Ч21(2)
|v LBC/SL-A
|2 rubbk
|
| 700 |
|
1 |
|a Капица
|b П. Л.
|c российский физик
|f 1894-1984
|g Петр Леонидович
|2 stltpui
|3 (RuTPU)RU\TPU\pers\1097
|
| 801 |
|
0 |
|a RU
|b 63413507
|c 20011209
|g PSBO
|
| 801 |
|
2 |
|a RU
|b 63413507
|c 20070525
|g PSBO
|
| 942 |
|
|
|c BK
|